Statistics for EU Languages in their Native Form

Click here to take the quiz!

General Stats

  • This quiz has been taken 67 times
  • The average score is 22 of 23

Answer Stats

HintAnswer% Correct
RomâneșteRomanian
100%
FrançaisFrench
98%
DeutschGerman
98%
ItalianoItalian
98%
PolskiPolish
98%
EspañolSpanish
98%
SvenskaSwedish
98%
DanskDanish
97%
SuomiFinnish
97%
LatviešuLatvian
97%
PortuguêsPortuguese
97%
ČeštinaCzech
95%
LietuviųLithuanian
95%
NederlandsDutch
94%
HrvatskiCroatian
92%
EestiEstonian
92%
ελληνικάGreek
92%
MagyarHungarian
92%
SlovenčinaSlovak
92%
GaeilgeIrish
89%
SlovenskiSlovene
89%
MaltiMaltese
87%
българскиBulgarian
84%

Score Distribution

Percentile by Number Answered

Percent of People with Each Score

Your Score History

You have not taken this quiz